Les pokémons qui sont ou ont été en Overused - Statistiques

Statistiques générales
  • Ce quiz a été pris 108 fois
    38 depuis la dernière actualisation
  • Le résultat moyen est 132 sur 244
Statistiques - réponses
Type de quiz Génération en OU Réponse % Correct
Acier/Vol 2/3/4/5/6/7 Airmure
100%
Psy 1/2/3/5/6/7/8 Alakazam
100%
Glace/Vol 1/2/3 Artikodin
92%
Feu/Combat 3/8/9 Braségali
92%
Sol/Dragon 5/6/7/8/9 Carchacrok
92%
Eau/Ténèbres 7 Amphinobi
85%
Eau/Vol 7/8/9 Bekipan
85%
Glace/Plante 4 Blizzaroi
85%
Combat/Vol 6/7/8 Brutalibré
85%
Acier/Insecte 2/3/4/5/6 Cizayox
85%
Electrik/Vol 1/2/3/4/6/7/8/9 Electhor
85%
Electrik/Vol 6/7/8 Fulguris
85%
Acier/Psy 3/4/5/6/7 Jirachi
85%
Psy/Acier 4 Archéodong
77%
Acier/Vol 7 Bamboiselle
77%
Plante/Psy 3/4/5 Celebi
77%
Plante/Combat 3/4/5/6/7 Chapignon
77%
Vol/Ténèbres 4 Corboss
77%
Eau/Glace 1/2/3 Crustabri
77%
Feu/Vol 2/3 Dracaufeu
77%
Spectre/Poison 1/2/3/4/5/6/8 Ectoplasma
77%
Plante/Poison 2/3/5 Florizarre
77%
Eau/Sol 4/8 Laggron
77%
Psy/Dragon 4/5/6/8/9 Latias
77%
Dragon/Psy 5/6/7/8 Latios
77%
Eau/Vol 3/4/5/7 Léviator
77%
Sol/Dragon 3/4 Libégon
77%
Combat/Acier 4/5 Lucario
77%
Plante/Psy 1/2/3 Noadkoko
77%
Fée/Vol 9 Amovénus
69%
Eau/Fée 6/7 Azumarill
69%
Psy/Combat 3 Charmina
69%
Combat/Poison 5 Coatox
69%
Vol/Acier 8/9 Corvaillus
69%
Vol/Dragon 3/5/6/7 Drattak
69%
Psy/Combat 4 Gallame
69%
Psy/Fée 3 Gardevoir
69%
Normal 2/3/4/5/8 Leuphorie
69%
Normal 1/3/5/6/7 Leveinard
69%
Combat 2/3/4 Mackogneur
69%
Acier/Electrik 4/5/6/7/8 Magnézone
69%
Eau/Sol 2/7 Maraiste
69%
Sol/Dragon 6/7 Méga Carchacrok
69%
Feu/Dragon 6/7 Méga Dracaufeu X
69%
Feu/Vol 6/7 Méga Dracaufeu Y
69%
Electrik 6 Méga Elecsprint
69%
Plante/Poison 6/7 Méga Florizarre
69%
Eau/Sol 7 Méga Laggron
69%
Combat/Normal 6/7 Méga Lockpin
69%
Fée(Normal av 6G) 2/6/7/8/9 Mélodelfe
69%
Acier/Psy 3/4/5 Métalosse
69%
Psy 6/8 Mew
69%
Glace/Spectre 4/5 Momartik
69%
Roche/Vol 2/3/4 Ptera
69%
Electrik 2/3/4/6 Raikou
69%
Glace 3 Regice
69%
Roche 3 Regirock
69%
Acier 3 Registeel
69%
Eau/Psy 1/2/3/4/5/6 Staross
69%
Eau 2/3/4 Suicune
69%
Feu/Vol 2/3/9 Sulfura
69%
Normal 1/2/3 Tauros
69%
Vol/Fée 4/6 Togekiss
69%
Roche/Ténèbres 2/3/4/5/6/7/8 Tyranocif
69%
Eau 2/3/4/5 Aquali
62%
Psy 4/6 Créfadet
62%
Glace/Ténèbres 4/6/7/8 Dimoret
62%
Combat/Dragon 7/8/9 Ekaiser
62%
Electrik 4 Elekable
62%
Feu 2/3 Entei
62%
Vol/Normal 4/5/6/7 Etouraptor
62%
Eau/Psy 1/3/6/8 Flagadoss
62%
Vol/Feu 6 Flambusard
62%
Combat/Sol 9 Fort-Ivoire
62%
Fée/Combat 9 Garde de Fer
62%
Sol/Roche 2 Grolem
62%
Sol 4/5/6 Hippodocus
62%
Plante/Acier 7/8 Katagami
62%
Dragon/Glace 5/9 Kyurem
62%
Dragon/Spectre 8/9 Lanssorien
62%
Feu/Spectre 5 Lugulabre
62%
Electrik/Acier 3 Magnéton
62%
Eau 6/7 Manaphy
62%
Fée/Dragon 6 Méga Altaria
62%
Combat/Psy 6/7 Méga Charmina
62%
Acier/Insecte 6/7 Méga Cizayox
62%
Roche/Fée 6/7 Méga Diancie
62%
Combat/Psy 6/7 Méga Gallame
62%
Fée/Psy 6/7 Méga Gardevoir
62%
Psy/Dragon 6/7 Méga Latias
62%
Psy/Dragon 6/7 Méga Latios
62%
Fée/Acier 7 Méga Mysdibule
62%
Ténèbres/Spectre 7 Méga Ténéfix
62%
Roche/Ténèbres 6/7 Méga Tyranocif
62%
Electrik/Eau 4/5/6/7 Motisma Lavage
62%
Plante/Acier 5/6/7/8 Noacier
62%
Eau/Fée 9 Oratoria
62%
Feu/Spectre 7/8 Pierroteknik
62%
Eau/Acier 4 Pingoléon
62%
Eau/Poison 7/8 Prédastérie
62%
Feu/Insecte 5/6/7/8 Pyrax
62%
Feu 9 Pyrobut
62%
Normal 1/2/3/4 Ronflex
62%
Plante/Poison 4 Roserade
62%
Acier/Ténèbres 6/8 Scalproie
62%
Sol/Vol 4/5/6/7/9 Scorvol
62%
Feu/Combat 4/5 Simiabraz
62%
Fée/Eau 7/8 Tokopisco
62%
Fée/Psy 7/8 Tokopiyon
62%
Fée/Electrik 7/8 Tokorico
62%
Fée/Plante 7 Tokotoro
62%
Dragon/Ténèbres 5 Trioxhydre
62%
Electrik 8 Zeraora
62%
Dragon/Sol 6 Zygarde
62%
Roche/Insecte 3 Armaldo
54%
Combat 5/6/7 Bétochef
54%
Vol 6/7/8 Boréas Forme Totémique
54%
Acier/Psy 9 Chef de Fer
54%
Psy 4 Cresselia
54%
Sol/Vol 5/6/7/8/9 Demétéros forme Totémique
54%
Feu/Ténèbres 2/3 Démolosse
54%
Dragon/Vol 2/3/4/5/6/7/8/9 Dracolosse
54%
Plante/Poison 1 Empiflor
54%
Spectre 2 Feuforêve
54%
Feu 5 Feunard
54%
Electrik/Vol 5/6/7 Fulguris forme Totémique
54%
Electrik/Glace 8 Galvagla
54%
Electrik/Dragon 8 Galvagon
54%
Plante 8 Gorythmic
54%
Acier/Spectre 9 Gromago
54%
Combat 3 Hariyama
54%
Feu/Acier 4/5/6/7/8 Heatran
54%
Vol/Normal 3 Hélédelle
54%
Eau/Dragon 2/3/4 Hyporoi
54%
Electrik/Dragon 9 Ire-Foudre
54%
Plante 3 Jungko
54%
Eau/Combat 5/6/7 Keldeo
54%
Dragon/Glace 5/6/7 Kyurem Noir
54%
Psy/Glace 1/2/3 Lippoutou
54%
Eau/Glace 1/2 Lokhlass
54%
Glace/Sol 4/5 Mammochon
54%
Eau/Psy 6 Méga Flagadoss
54%
Vol/Normal 6 Méga Roucarnage
54%
Insecte/Vol 6/7 Méga Scarabrute
54%
Insecte/Combat 6/7 Méga Scarhino
54%
Eau 3 Milobellus
54%
Acier/Sol 5/6/7 Minotaupe
54%
Feu/Poison 9 Mite de Fer
54%
Electrik/Plante 4 Motisma Tonte
54%
Eau/Spectre 5 Moyade
54%
Spectre 4 Noctunoir
54%
Sol 2/3 Ossatueur
54%
Poison/Spectre 9 Pêchaminus
54%
Roche/Sol 1/2/3 Rhinoferos
54%
Roche/Psy 9 Roc de Fer
54%
Sol/Acier 9 Roue de Fer
54%
Ténèbres/Acier 9 Scalpereur
54%
Insecte/Combat 2/3/4 Scarhino
54%
Eau 5 Tarpau
54%
Spectre 3 Téraclope
54%
Combat/Roche 5/6/8 Terrakium
54%
Eau/Feu 6/7/8 Volcanion
54%
Electrik 1/2/3/4/5 Voltali
54%
Plante 6/7 Bouldeneu
46%
Electrik 7 Cablifère
46%
Eau/Ténèbres 9 Clamiral de Hisui
46%
Ténèbres 9 Darkrai
46%
Sol/Normal 6/7 Excavarenne
46%
Sol/Psy 3 Kaorine
46%
Plante/Eau 3 Ludicolo
46%
Fée/Acier 7 Magearna
46%
Eau/Ténèbres 6/7 Méga Léviator
46%
Acier/Psy 6 Méga Métalosse
46%
Plante 2 Meganium
46%
Electrik/Feu 4 Motisma Chaleur
46%
Insecte/Combat 7/8 Mouscoto
46%
Combat/Electrik 9 Paume de Fer
46%
Poison/Psy 8/9 Roigada de Galar
46%
Eau/Dragon 9 Serpente-Eau
46%
Poison 3 Smogogo
46%
Acier/Sol 2/3 Steelix
46%
Dragon 5 Tranchodon
46%
Eau/Sol 5 Tritosor
46%
Feu 2/3 Typhlosion
46%
Acier/Spectre 8 Exagide
38%
Glace/Fée 7/8 Feunard D'Alola
38%
Psy/Ténèbres 7/9 Hoopa Déchaïné
38%
Psy 1 Hypnomade
38%
Plante 6/7 Majaspic
38%
Psy 6/7 Méga Alakazam
38%
Acier 8 Melmetal
38%
Normal 3 Monaflémit
38%
Electrik/Glace 4 Motisma Froid
38%
Electrik/Vol 4 Motisma Hélice
38%
Eau/Combat 9 Palmaval
38%
Normal 2/3 Porygon2
38%
Plante 4 Shaymin
38%
Fée/Psy 9 Sorcilence
38%
Psy 5 Symbios
38%
Sol 3/5/6 Triopikeur
38%
Feu/Psy 6/8 Victini
38%
Vol/Insecte 4 Yanmega
38%
Insecte/Poison 6/7 Brutapode
31%
Vol/Normal 3 Dodrio
31%
Sol 2/3/5 Donphan
31%
Normal 2/3 Ecremeuh
31%
Vol/Combat 8 Electhor de Galar
31%
Roche/Poison 9 Floréclat
31%
Acier/Insecte 2/3/4/5 Foretress
31%
Acier/Fée 9 Forgelina
31%
Poison 2 Grotadmorv
31%
Eau 8 Hastacuda
31%
Eau 9 Mamanbo
31%
Psy 2/3/5 Mentali
31%
Poison/Sol 2 Nidoking
31%
Eau 9 Oyacata
31%
Normal 4/7 Porygon Z
31%
Psy 5 Qulbutoké
31%
Combat/Eau 8 Shifours mille poings
31%
Psy 5 Sidérella
31%
Insecte/Eau 9 Tarenbulle
31%
Eau/Poison 2/4/5 Tentacruel
31%
Sol/Normal 9 Ursaking
31%
Normal 2/3 Ursaring
31%
Combat 9 Zamazenta
31%
Psy 9 Deoxys Vitesse
23%
Plante/Poison 6 Gaulet
23%
Roche 9 Gigansel
23%
Psy 3 Kadabra
23%
Normal 3 Linéon
23%
Feu/Spectre 9 Malvalame
23%
Vol/Insecte 4 Ninjask
23%
Ténèbres 2/3/4 Noctali
23%
Vol/Poison 3/4 Nostenfer
23%
Vol/Ténèbres 8/9 Sulfura de Galar
23%
Sol/Ténèbres 9 Dinglu
15%
Normal 2 Kangourex
15%
Eau/Plante 9 Ogerpon masque du puits
15%
Normal 2/3/4 Queulorior
15%
Combat 8 Shaofouine
15%
Fée 6 Cupcanaille
8%
Poison/Combat 9 Félicanis
8%
Spectre 9 Polthégeist
8%
Normal 3 Mangriff
0%
Aucun quiz correspondant
Distribution des résultats
% des personnes avec chaque résultat
Percentile par nombre de réponses
Votre historique - résultats
Vous n’avez pas pris ce quiz depuis la dernière actualisation